Toutes les communes des Alpes-Maritimes sur une carte - Statistiques

Statistiques générales
  • Ce quiz a été pris 2 605 fois
  • Le résultat moyen est 46 sur 163
Réponses sur la Carte
Les réponses sont colorées sur une échelle allant du rouge au vert en fonction du pourcentage des utilisateurs qui les ont devinées à leur premier essai. Vous pouvez retrouver ces pourcentages ci-dessous.
 
Statistiques - réponses
Population Commune % Correct
343 477 Nice
98%
72 435 Cannes
95%
30 679 Menton
93%
74 709 Antibes
91%
48 708 Grasse
83%
52 100 Cagnes-sur-Mer
81%
30 141 Saint-Laurent-du-Var
75%
21 772 Mandelieu-la-Napoule
69%
2 222 Èze
65%
42 125 Le Cannet
65%
5 002 Villefranche-sur-Mer
64%
91 Villeneuve-d'Entraunes
64%
16 329 Villeneuve-Loubet
64%
12 966 Roquebrune-Cap-Martin
61%
1 481 Saint-Jean-Cap-Ferrat
61%
27 970 Vallauris
59%
153 Saint-Martin-d'Entraunes
57%
3 143 Saint-Martin-du-Var
57%
1 431 Saint-Martin-Vésubie
57%
19 315 Vence
57%
9 575 Biot
56%
653 Isola
55%
20 180 Mougins
54%
1 361 Théoule-sur-Mer
54%
3 762 Beaulieu-sur-Mer
53%
3 179 Saint-Paul-de-Vence
53%
4 517 Cap-d'Ail
52%
13 153 Beausoleil
51%
12 875 Carros
49%
2 144 Tende
48%
13 162 Valbonne
48%
10 215 Mouans-Sartoux
45%
4 887 Tourrette-Levens
44%
4 063 Tourrettes-sur-Loup
44%
2 997 La Turbie
43%
1 413 Saint-Étienne-de-Tinée
43%
10 103 La Trinité
42%
2 121 Breil-sur-Roya
41%
3 792 Sospel
40%
8 048 La Colle-sur-Loup
37%
138 Tourette-du-Château
37%
2 927 Le Bar-sur-Loup
35%
4 963 Levens
34%
2 375 Opio
34%
564 Gréolières
32%
7 956 Pégomas
32%
7 117 La Gaude
31%
7 277 Roquefort-les-Pins
31%
7 534 Contes
30%
4 317 Saint-Jeannet
30%
1 826 Puget-Théniers
29%
552 Beuil
28%
5 176 Drap
28%
371 Gourdon
28%
696 La Brigue
28%
2 369 Peille
28%
8 211 Peymeinade
28%
5 694 Saint-André-de-la-Roche
28%
3 671 Saint-Vallier-de-Thiey
28%
5 413 La Roquette-sur-Siagne
27%
954 La Roquette-sur-Var
27%
1 822 Roquebillière
26%
449 Saorge
26%
308 Touët-de-l'Escarène
26%
690 Touët-sur-Var
26%
644 Andon
25%
2 271 Aspremont
25%
585 Guillaumes
25%
1 279 Lucéram
25%
105 Saint-Dalmas-le-Selvage
25%
307 Saint-Sauveur-sur-Tinée
25%
3 175 Auribeau-sur-Siagne
24%
3 494 Colomars
24%
4 229 Gattières
24%
834 Valdeblore
24%
529 Coursegoules
23%
1 598 Gilette
23%
1 206 Lantosque
23%
4 115 Le Rouret
23%
2 562 L'Escarène
23%
1 465 Peillon
23%
3 927 Saint-Cézaire-sur-Siagne
23%
1 336 Sainte-Agnès
23%
143 Entraunes
22%
1 417 Le Broc
22%
3 690 Châteauneuf-Grasse
21%
1 133 Castellar
20%
670 Clans
20%
2 053 Falicon
20%
1 485 Gorbio
20%
863 Utelle
20%
1 386 Cabris
19%
302 Caussols
19%
152 Duranus
19%
105 Marie
19%
1 293 Cantaron
18%
315 Fontan
18%
594 La Bollène-Vésubie
18%
3 069 Le Tignet
18%
880 Péone
18%
119 Roubion
18%
214 Saint-Auban
18%
778 Villars-sur-Var
18%
658 Belvédère
17%
417 Castillon
17%
116 Roure
17%
1 171 Spéracèdes
17%
407 Caille
16%
1 674 Castagniers
16%
570 Roquestéron
16%
93 Aiglun
15%
940 Bendejun
15%
1 236 Berre-les-Alpes
15%
1 663 Blausasc
15%
723 Bonson
15%
821 Coaraze
15%
108 Courmes
15%
612 Escragnolles
15%
326 Malaussène
15%
537 Séranon
15%
548 Bouyon
14%
403 Cipières
14%
141 Daluis
14%
549 La Tour
14%
100 Le Mas
14%
252 Moulinet
14%
1 350 Saint-Blaise
14%
256 Bézaudun-les-Alpes
13%
197 Sigale
13%
473 Valderoure
13%
956 Châteauneuf-Villevieille
12%
95 Conségudes
12%
335 Pierrefeu
12%
348 Toudon
12%
177 Ascros
11%
147 Ilonse
11%
223 La Penne
11%
112 Rimplas
11%
48 Saint-Léger
11%
149 Tournefort
11%
52 Amirat
10%
116 Bairols
10%
201 Briançonnet
10%
63 Châteauneuf-d'Entraunes
10%
86 Saint-Antonin
10%
107 Thiéry
10%
37 Auvare
9%
74 Gars
9%
98 La Croix-sur-Roudoule
9%
103 Pierlas
9%
126 Puget-Rostang
9%
229 Revest-les-Roches
9%
48 Sallagriffon
9%
173 Venanson
9%
164 Cuébris
8%
64 La Roque-en-Provence
8%
91 Les Ferres
8%
170 Rigaud
8%
48 Lieuche
7%
104 Massoins
7%
72 Sauze
7%
71 Collongues
6%
41 Les Mujouls
6%
Aucun quiz correspondant
Distribution des résultats
% des personnes avec chaque résultat
Percentile par nombre de réponses
Votre historique - résultats
Vous n’avez pas pris ce quiz